Classical dynamics: a contemporary approach

Saved in:
Bibliographic Details
Main Authors: José, Jorge Valenzuela (Author), Saletan, Eugene J (Author)
Format: Book
Language:English
Published: Cambridge Cambridge University 2012
Edition:2a. ed
Subjects:
Tags: Add Tag
No Tags, Be the first to tag this record!

MARC

LEADER 00000cam a2200000 a 4500
001 UCE6891
003 CL-VaPUC
005 20240304133748.0
008 150514e20120000uk |||||||||||||||||eng|d
999 |c 359070  |d 359068 
020 |a 9780521636360 
040 |c Pontificia Universidad Católica de Valparaíso 
082 0 4 |a 531.11  |b JOS  |2 21 
100 |a José, Jorge Valenzuela  |e author  |9 579569 
245 1 0 |a Classical dynamics: a contemporary approach 
250 |a 2a. ed 
260 |a Cambridge  |b Cambridge University  |c 2012 
300 |a 670 p 
583 |a last modification  |c 20150514 13:01:00  |k Rodrigo Vera 
650 0 |a Mecánica analítica  |9 271767 
650 0 |a Física teórica  |9 345827 
650 7 |a DINAMICA NO LINEAL  |2 CL-VaPUC  |9 563629 
700 0 |a Saletan, Eugene J  |e author  |9 579570 
942 |c BK  |2 ddc 
945 |d 20150514 13:01:00  |a cmena 
952 |0 0  |1 0  |2 ddc  |3 erb  |4 0  |6 531_110000000000000_JOS_2012  |7 0  |8 A  |9 468091  |a BIBCUR  |b BIBCUR  |i 5149916  |l 3  |m 1  |o 531.11 JOS 2012  |p 5149916  |r 2025-04-22  |s 2024-06-25  |w 2019-11-23  |y BK  |z Catalogado en:20150514  |k FIS